[Event "Moscow-4teams"]
[Site "Moscow"]
[Date "1981.02.24"]
[Round "2.1"]
[White "Smyslov, Vassily V"]
[Black "Kasparov, Garry"]
[Result "0-1"]
[WhiteElo "2545"]
[BlackElo "2625"]
[Annotator "ChessBase"]
[PlyCount "54"]
[EventDate "1981.02.22"]
[EventType "team"]
[EventRounds "6"]
[EventCountry "URS"]
[SourceTitle "MainBase"]
[Source "ChessBase"]
[SourceDate "1999.07.01"]
[SourceVersion "2"]
[SourceVersionDate "1999.07.01"]
[SourceQuality "1"]
[WhiteTeam "Soviet Union Seniors"]
[BlackTeam "Soviet Union U26"]
[WhiteTeamCountry "URS"]
[BlackTeamCountry "URS"]

1. Nf3 c5 2. c4 Nf6 3. g3 b6 4. Bg2 Bb7 5. O-O e6 6. Nc3 Be7 7. b3 O-O 8. Bb2
d6 9. e3 Nbd7 10. d4 a6 11. Qe2 Ne4 12. Rfd1 Qb8 13. Nxe4 Bxe4 14. Ne5 Bxg2 15.
Nxd7 Qb7 16. Nxf8 Bf3 17. Qd3 Rxf8 18. Rd2 f5 19. Re1 Qc8 20. Qc3 Rf6 21. a3 $4
Qe8 $1 {>< Qc3, Bb2} 22. dxc5 Qh5 {/\ Qh2, Rh6, Rh1#} 23. h4 Qg4 24. Kh2 bxc5
25. Rh1 Rg6 26. Kg1 Bxh4 27. Qa5 (27. Rxd6 Bxg3) 27... h6 0-1

[Event "Berlin East DSV"]
[Site "Berlin East"]
[Date "1982.10.20"]
[Round "11"]
[White "Uhlmann, Wolfgang"]
[Black "Ermenkov, Evgenij"]
[Result "1-0"]
[WhiteElo "2515"]
[BlackElo "2460"]
[Annotator "ChessBase"]
[PlyCount "124"]
[EventDate "1982.10.09"]
[EventType "tourn"]
[EventRounds "13"]
[EventCountry "DDR"]
[EventCategory "9"]
[SourceTitle "MCL"]
[Source "ChessBase"]
[SourceDate "1999.07.01"]
[SourceVersion "1"]
[SourceVersionDate "1999.07.01"]
[SourceQuality "1"]

1. c4 c5 2. Nf3 Nf6 3. Nc3 e6 4. g3 b6 5. Bg2 Bb7 6. d4 cxd4 7. Qxd4 Be7 8. O-O
d6 9. e4 a6 10. Qe3 Nbd7 11. Nd4 Qc7 12. b3 O-O 13. Bb2 Rfe8 14. h3 Bf8 15.
Rfe1 Rac8 16. Re2 Qb8 17. Rd1 Qa8 18. Qd2 Qb8 (18... d5 $1 19. exd5 (19. e5 Ne4
$1 $17) 19... exd5 20. cxd5 Nxd5 $10) 19. Ba1 Ba8 20. Qe1 Bb7 21. Re3 Ba8 22.
Bb2 Bb7 23. g4 $1 h6 (23... g6 24. Nde2 $1 $16 {>< d6}) 24. Qf1 Rcd8 25. Nde2
b5 $6 26. cxb5 axb5 27. a3 $1 (27. Nxb5 Bxe4 $1 $15) 27... Ba8 (27... b4 28.
axb4 Nb6 29. Nd4 d5 30. Qb5 $16) 28. Nd4 $1 b4 29. axb4 Qxb4 30. Ncb5 $1 Qa5 $1
31. Bc3 Qb6 32. Ra1 $1 Rc8 33. Ba5 $1 Qb8 $6 (33... Qb7 $142) 34. Bc7 $3 Rxc7 (
34... Qb7 $2 35. Ra7) 35. Rxa8 $3 Rc1 $1 36. Qxc1 $1 Qxa8 37. e5 $1 Rc8 (37...
Nd5 38. exd6 Rc8 39. Qe1 $1 $16) 38. Rc3 $1 Rxc3 39. Qxc3 Nd5 (39... Ne4 40.
exd6 $16) 40. exd6 e5 (40... N7f6 41. Qc6 $16) 41. Bxd5 $1 Qxd5 42. Qc6 $1 Qxc6
43. Nxc6 f5 $5 (43... f6 44. Nd8 $1 $16 {/\ b4,Ne6-c5}) 44. Ne7+ $1 (44. gxf5
Kf7 45. Nd8+ Kf6 46. b4 Kxf5 47. Nb7 $16 {/\ Nc5}) 44... Bxe7 45. dxe7 Kf7 46.
Nd6+ $1 Kxe7 47. Nxf5+ Kf6 48. Ng3 $1 (48. Kg2 h5 $1 $14) 48... Kg5 49. b4 $1
g6 (49... Kh4 50. Kg2 g6 51. Ne4 h5 52. f3 $16) 50. Ne4+ $1 Kf4 51. Nc5 Nb6 52.
Ne6+ $1 Ke4 (52... Kf3 53. Nf8 $1 g5 54. Ng6 e4 55. Ne7 $18 {/\ Nf5}) 53. Nf8
$1 g5 54. Ne6 $1 Kd5 55. Nd8 $1 Kc4 56. Nf7 Kxb4 57. Nxh6 Kc4 58. Nf7 Kd4 59.
Nxg5 Nd5 60. Ne6+ $1 Ke4 61. Kg2 Ne7 62. h4 Kd5 (62... Kd5 63. Nf8 e4 64. h5
Ke5 65. Ng6+ Nxg6 66. hxg6 Kf6 67. Kg3) 1-0

[Event "Moscow-4teams"]
[Site "Moscow"]
[Date "1981.02.28"]
[Round "6.1"]
[White "Karpov, Anatoly"]
[Black "Kasparov, Garry"]
[Result "1/2-1/2"]
[WhiteElo "2690"]
[BlackElo "2625"]
[Annotator "ChessBase"]
[PlyCount "82"]
[EventDate "1981.02.22"]
[EventType "team"]
[EventRounds "6"]
[EventCountry "URS"]
[SourceTitle "MCL"]
[Source "ChessBase"]
[SourceDate "1999.07.01"]
[SourceVersion "1"]
[SourceVersionDate "1999.07.01"]
[SourceQuality "1"]
[WhiteTeam "Soviet Union"]
[BlackTeam "Soviet Union U26"]
[WhiteTeamCountry "URS"]
[BlackTeamCountry "URS"]

1. c4 Nf6 2. Nc3 c5 3. Nf3 e6 4. g3 b6 5. Bg2 Bb7 6. O-O Be7 7. d4 cxd4 8. Qxd4
d6 9. Bg5 a6 10. Bxf6 Bxf6 11. Qf4 O-O 12. Rfd1 Be7 13. Ne4 Bxe4 14. Qxe4 Ra7
15. Nd4 Qc8 16. b3 Re8 17. a4 Qc5 18. Ra2 Bf6 19. Rad2 Rc7 20. Qb1 Be7 21. b4
Qh5 22. Rc2 Rec8 $10 23. b5 $2 axb5 24. axb5 (24. Nxb5 Rd7 $1 $17 {>< Pa4, Pc4}
) 24... Rxc4 $1 25. Rxc4 (25. Nc6 Rxc2 26. Nxe7+ Kh8 $1 (26... Kf8 $2 27. Nxc8
Qxe2 28. Rf1 Rxc8 29. Qxh7) 27. Bf3 $1 Qe5 $1 (27... Qc5 $2 28. Nxc8 Qxc8 29.
Bc6 Rc5 30. Rxd6 Nxc6 31. Qd3 $1) 28. Nxc8 Rxc8 $17) 25... Rxc4 26. Qa2 Qc5 27.
Qa8 $1 Rxd4 28. Qxb8+ Bf8 {Remisangebot abgelehnt} 29. Ra1 d5 $2 (29... h6 $1
30. Ra8 (30. Bf1 Rb4 31. Ra8 d5 32. Qe8 Rb1 33. Rc8 (33. Ra7 Qc1 $1) 33... Qb4
34. Kg2 d4 $1 35. Rc7 Qe1 36. Qxf7+ Kh7 37. Qxf8 Qxf1+ 38. Kf3 Rb3+ 39. Kg4
Qxe2+ 40. Kh3 Qe5 $19) (30. Qe8 Rc4 31. Bc6 (31. Ra8 $2 Rc1+ 32. Bf1 Qd5 33.
Qxf8+ Kh7 34. f3 Qd1) 31... Rc1+ 32. Rxc1 Qxc1+ 33. Kg2 d5 34. e3 $15) 30...
Rd1+ 31. Bf1 d5 32. Qe8 d4 33. Ra7 Qf5 34. Kg2 d3 35. Ra8 (35. exd3 Rd2) 35...
Qe4+ $1 36. f3 (36. Kh3 Qb4 $1) 36... dxe2 37. Qxf8+ Kh7 $19) 30. Bf1 Rc4 31.
Ra8 Rc1 32. Qe8 d4 33. Ra7 Qf5 34. Ra8 Qc5 35. g4 $2 Qd6 $2 (35... Qb4 $1 36.
Ra7 (36. h3 $1 h6 $1 37. Kg2 Rc7 $1 {+/-/+-} (37... Qe1 38. Qxf8+ Kh7 39. Qh8+
$1 (39. Qxf7 $2 Qxf1+ 40. Kg3 Rc3+ 41. e3 Rxe3+ $1) 39... Kg6 40. Rg8 Qxf1+ 41.
Kg3 Qg1+ 42. Kf3 Qh1+ $10 (42... Rc3+ 43. e3) 43. Kg3)) 36... d3 $1 37. Qxf7+
Kh8 38. Qf3 d2 $19) 36. Rd8 Qb4 37. Rd7 h6 (37... d3 38. Qxf7+ Kh8 39. Rxd3
Qxg4+ 40. Rg3 Qf5 $10) 38. Qxf7+ Kh7 39. g5 (39. Qxe6 Qe1 40. Qe4+ Kh8 41. Qg2
Qxe2 42. Rd8 (42. Rxd4 Bc5 $10) 42... Rxf1+ $10) 39... Qb1 $1 40. g6+ (40. Kg2
Qe4+ $1 41. f3 Qf5 42. Qxf5+ exf5 43. gxh6 Kxh6 44. Rxd4 Bc5 45. Rd5 f4 $10)
40... Qxg6+ 41. Qxg6+ Kxg6 1/2-1/2

[Event "Montreal International"]
[Site "Montreal"]
[Date "1979.04.18"]
[Round "6"]
[White "Huebner, Robert"]
[Black "Timman, Jan H"]
[Result "1/2-1/2"]
[WhiteElo "2595"]
[BlackElo "2625"]
[Annotator "ChessBase"]
[PlyCount "42"]
[EventDate "1979.04.11"]
[EventType "tourn"]
[EventRounds "18"]
[EventCountry "CAN"]
[EventCategory "15"]
[SourceTitle "MCL"]
[Source "ChessBase"]
[SourceDate "1999.07.01"]
[SourceVersion "1"]
[SourceVersionDate "1999.07.01"]
[SourceQuality "1"]

1. Nf3 g6 2. c4 Bg7 3. Nc3 c5 4. g3 b6 5. Bg2 Bb7 6. O-O Nf6 7. d3 (7. d4 Ne4
8. Nxe4 Bxe4 9. d5 O-O (9... e5 10. Qb3 O-O 11. Bh3 Bxf3 12. Qxf3 f5 13. e4 f4
14. Qd1 d6 15. Bd2 a5 16. Qa4 Bh6 17. Rac1 Bg5 18. Rc2 Kh8 19. a3 {Karpov,
An-Timman,J/Brussels/1986/1-0/105/}) 10. Ne1 $6 (10. Bh3 Bxf3 11. exf3 e5 12.
f4 exf4 13. Bxf4 Bxb2 14. Rb1 Bf6 15. Qa4 $13 {Karpov,An-Timman,J/Amsterdam/
1981/1/2-1/2/31/}) 10... Bxg2 11. Kxg2 b5 $1 12. cxb5 Qb6 $15 {Vaganian,
R-Timman,J/Niksic/1978/}) 7... O-O 8. e4 Nc6 9. Rb1 $6 (9. h3 $5) (9. d4 $2
cxd4 10. Nxd4 Nxd4 11. Qxd4 Nxe4 $1 $17) 9... e6 $1 {/\d5} 10. h3 d5 11. exd5 {
He wants a draw.} (11. cxd5 exd5 12. Bg5 dxe4 13. dxe4 Re8 $13) 11... exd5 12.
Bg5 dxc4 13. dxc4 h6 14. Be3 Ne7 {/\Nf5} 15. Qxd8 Raxd8 16. Rbd1 Nf5 17. Bc1
Ne4 18. Rxd8 Rxd8 19. Rd1 Rxd1+ (19... Rd6 $5 20. Rxd6 Nexd6 $36) 20. Nxd1 Ned6
21. b3 Kf8 (21... Be4 22. g4) 1/2-1/2

[Event "Biel MTO op"]
[Site "Biel"]
[Date "1996.??.??"]
[Round "9"]
[White "Wohl, Aleksandar H"]
[Black "Gipslis, Aivars P"]
[Result "1-0"]
[WhiteElo "2400"]
[BlackElo "2470"]
[Annotator "ChessBase"]
[PlyCount "63"]
[EventDate "1996.07.??"]
[EventType "swiss"]
[EventRounds "11"]
[EventCountry "SUI"]
[SourceTitle "EXT 1998"]
[Source "ChessBase"]
[SourceDate "1997.11.17"]
[SourceVersion "1"]
[SourceVersionDate "1997.11.17"]
[SourceQuality "1"]

1. Nf3 Nf6 2. c4 c5 3. Nc3 e6 4. g3 b6 5. Bg2 Bb7 6. O-O Be7 7. d4 cxd4 8. Qxd4
Nc6 9. Qf4 O-O 10. Rd1 Qb8 11. b3 Rd8 12. Bb2 d6 13. Rd2 a6 14. Rad1 b5 15. Ng5
bxc4 16. Nce4 $1 d5 (16... Ne5 17. Nxf6+ Bxf6 18. Bxb7 Qxb7 19. Ne4 $44) 17.
Qh4 $1 dxe4 18. Bxf6 Bxf6 19. Qxh7+ Kf8 20. Rd7 $1 Rxd7 21. Rxd7 Ke8 22. Rxf7
Ne7 23. Rxf6 $1 gxf6 (23... Qe5 24. Qxg7 Kd7 25. Bh3 $1 $40) 24. Qf7+ Kd8 25.
Nxe6+ Kd7 26. Nc5+ Kd6 27. b4 $1 Qe8 28. Qxf6+ Kc7 29. Qe5+ Kb6 30. Nd7+ $1 Kc6
(30... Qxd7 31. Qc5#) 31. Qc5+ Kxd7 32. Bh3+ 1-0

[Event "Copenhagen IM (Politiken Cup-05)"]
[Site "Copenhagen"]
[Date "1983.10.22"]
[Round "8"]
[White "Jakobsen, Ole"]
[Black "Csom, Istvan"]
[Result "1/2-1/2"]
[WhiteElo "2445"]
[BlackElo "2505"]
[Annotator "ChessBase"]
[PlyCount "72"]
[EventDate "1983.10.14"]
[EventType "tourn"]
[EventRounds "9"]
[EventCountry "DEN"]
[SourceTitle "MCL"]
[Source "ChessBase"]
[SourceDate "1999.07.01"]
[SourceVersion "1"]
[SourceVersionDate "1999.07.01"]
[SourceQuality "1"]

1. c4 Nf6 2. Nc3 c5 3. g3 e6 4. Nf3 a6 5. Bg2 Be7 6. O-O O-O 7. b3 Qc7 8. Bb2
b6 9. e4 d6 10. d4 cxd4 11. Nxd4 Bb7 12. g4 $1 Re8 13. g5 Nfd7 14. f4 Nc6 15.
Kh1 $1 Nxd4 16. Qxd4 Bf8 17. Qf2 Qc5 18. Qh4 b5 19. Rf3 Be7 20. Rh3 Nf8 21. Rf1
$1 bxc4 $2 22. Nd5 $3 exd5 23. Bxg7 $3 dxe4 $1 (23... Kxg7 24. Qh6+ Kg8 25. f5
$18) 24. f5 $1 (24. Bxf8 $2 Qf5 $1 25. Bxe7 Rxe7 26. g6 f6 $17) 24... e3 $1 25.
Bxf8 $1 (25. Bxb7 e2 $1 26. Rg1 (26. Re1 Qxf5 {/\ Qf1}) 26... Qxg1+ $1 27. Kxg1
Bxg5 28. Qe1 Bd2 $1) 25... Bxg2+ 26. Kxg2 Bxg5 $1 27. Qxg5+ Kxf8 28. Rxh7 Qe5
29. Rf3 $4 (29. Qh4 Kg8 30. Rg1) 29... e2 $1 30. Rg3 Ra7 $1 31. Qg8+ (31. Rg7
$5 Qe4+ 32. Kh3 Qxf5+ 33. Qxf5 e1=Q 34. Rg8+ Ke7 35. Rxe8+ Kxe8 36. Rg8+ Ke7
37. Qg5+ Kd7 38. Qd8+ $10) 31... Ke7 32. Qxf7+ Kd8 33. Qxa7 Qe4+ 34. Kh3 Qxf5+
35. Rg4 Qf3+ 36. Rg3 Qf5+ 1/2-1/2

[Event "Montreal International"]
[Site "Montreal"]
[Date "1979.05.06"]
[Round "18"]
[White "Tal, Mihail"]
[Black "Timman, Jan H"]
[Result "1/2-1/2"]
[WhiteElo "2615"]
[BlackElo "2625"]
[Annotator "ChessBase"]
[PlyCount "29"]
[EventDate "1979.04.11"]
[EventType "tourn"]
[EventRounds "18"]
[EventCountry "CAN"]
[EventCategory "15"]
[SourceTitle "MCL"]
[Source "ChessBase"]
[SourceDate "1999.07.01"]
[SourceVersion "1"]
[SourceVersionDate "1999.07.01"]
[SourceQuality "1"]

1. Nf3 Nf6 2. c4 b6 3. g3 Bb7 4. Bg2 c5 5. O-O g6 6. b3 Bg7 7. Bb2 O-O 8. Nc3
Na6 9. d4 d5 (9... Ne4 $5) 10. dxc5 (10. cxd5 Nxd5 11. e3 Nxc3 12. Bxc3 Rc8 $10
{Timman,J-Larsen,B/Bugojno/1978/}) (10. Ne5 $1 e6 11. dxc5 bxc5 12. cxd5 exd5
13. Nd3 {Andersson,U-Miles,A/Malta ol/1980/1-0/43/}) 10... Nxc5 11. Nxd5 Nxd5
12. Bxg7 Kxg7 13. cxd5 Qxd5 14. Qxd5 Bxd5 15. Rfd1 1/2-1/2

[Event "Lost Boys op"]
[Site "Antwerp"]
[Date "1999.08.03"]
[Round "5"]
[White "Chuchelov, Vladimir"]
[Black "Egeli, Per Ove"]
[Result "1-0"]
[WhiteElo "2535"]
[BlackElo "2335"]
[Annotator "Chuchelov,V"]
[PlyCount "55"]
[EventDate "1999.07.30"]
[EventType "swiss"]
[EventRounds "9"]
[EventCountry "BEL"]
[SourceTitle "EXT 2000"]
[Source "ChessBase"]
[SourceDate "1999.11.16"]
[SourceVersion "1"]
[SourceVersionDate "1999.11.16"]
[SourceQuality "1"]

1. Nf3 Nf6 2. c4 c5 3. Nc3 e6 4. g3 b6 5. Bg2 Bb7 6. O-O d6 7. Re1 Nbd7 8. e4
a6 9. d4 cxd4 10. Nxd4 Qc7 11. Be3 Rc8 12. Rc1 Qb8 13. Qe2 Qa8 $2 (13... Be7)
14. Nd5 $1 $146 exd5 15. exd5 Kd8 16. b4 $1 (16. Nc6+ Rxc6 $5 17. dxc6 Bxc6 18.
Bd5 $1 $44) 16... Kc7 (16... Ne5 17. Nc6+ Kc7 18. Bxb6+ Kxb6 19. c5+ Kc7 20.
Nxe5 dxe5 21. Qxe5+ Kd8 22. c6 $18) 17. Nc6 Re8 (17... Bxc6 18. dxc6 Ne5 19. c5
b5 (19... bxc5 20. bxc5 Re8 21. Rb1 $18) 20. a4 bxa4 (20... Qb8 21. cxd6+ Bxd6
22. a5 $18) 21. b5 axb5 22. Qxb5 Rb8 23. Qb6+ Kc8 24. Bh3+ (24. Bg5 $5) 24...
Nfg4 25. Bxg4+ Nxg4 26. Bg5 $18) 18. Qd2 h6 19. a4 $1 Ng4 20. c5 $18 dxc5 (
20... Nxe3 21. cxb6+ $1 Nxb6 22. Rxe3 Rxe3 23. Qxe3 Nxa4 24. Ne5+) 21. bxc5
Nxe3 (21... Bxc5 22. d6+ Kc8 (22... Bxd6 23. Na5+ Bc5 24. Bf4+ Nge5 25. Nxb7
$18) 23. Bxc5 Rxe1+ (23... Nxc5 24. Rxc5 Rxe1+ 25. Qxe1 bxc5 26. Qe7) 24. Qxe1
bxc5 25. Qa5 $18) (21... bxc5 22. Bf4+ Bd6 23. Qa5+) 22. d6+ Kc8 23. Rxe3 Re6
24. Rxe6 fxe6 25. Ne7+ Bxe7 26. c6 Qb8 27. cxb7+ Kd8 28. Rc8+ 1-0

[Event "Berliner Sommer 16th"]
[Site "Berlin"]
[Date "1998.??.??"]
[Round "5"]
[White "Chuchelov, Vladimir"]
[Black "Lopez Martinez, Josep Manuel"]
[Result "1/2-1/2"]
[WhiteElo "2540"]
[BlackElo "2350"]
[Annotator "Chuchelov,V"]
[PlyCount "74"]
[EventDate "1998.08.08"]
[EventType "swiss"]
[EventRounds "9"]
[EventCountry "GER"]
[SourceTitle "CBM 066 Extra"]
[Source "ChessBase"]
[SourceDate "1998.11.06"]
[SourceVersion "1"]
[SourceVersionDate "1998.11.06"]
[SourceQuality "1"]

1. Nf3 Nf6 2. c4 b6 3. g3 Bb7 4. Bg2 e6 5. O-O Be7 6. Nc3 O-O 7. Re1 d5 8. cxd5
Nxd5 9. e4 Nxc3 10. bxc3 c5 11. d4 Nc6 12. d5 exd5 (12... Na5 13. Bf4 exd5 14.
exd5 Bd6 15. Ne5 Qc7 16. Qh5 $14) 13. exd5 Na5 14. Bf4 Bf6 15. Ne5 Bxe5 (15...
Re8 16. Nc6 $1 Bxc6 17. dxc6 Bxc3 18. c7 Qxd1 19. Raxd1 $18) 16. Bxe5 Qd7 (
16... Nc4 $2 17. Bxg7 Kxg7 18. Qg4+) 17. Qh5 f6 (17... Nc4 18. Bxg7 $1 Kxg7 19.
Qg5+ Kh8 20. Qf6+ Kg8 21. Re4 Nd6 22. Re5 Rfe8 23. Rg5+ Kf8 24. Qh6+ Ke7 25.
Bh3) 18. Bf4 g6 19. Qh6 $5 $146 Rfe8 (19... g5 20. Bh3 Qg7 21. Be6+ Kh8 22.
Qxg7+ Kxg7 23. Bc7 $16) 20. h4 Nc4 21. Re6 $1 $16 Qg7 22. Qxg7+ Kxg7 23. Rae1
$6 (23. Rd1 $5 Kf7 24. Rxe8 Kxe8 (24... Rxe8 25. d6 Bxg2 26. d7 $16) 25. Bf1
Ba6 26. Re1+ Kd7 27. Re4) 23... Rxe6 24. Rxe6 Kf7 25. Re4 b5 26. Re1 Rd8 27.
Rb1 a6 28. a4 Bxd5 29. Bxd5+ Rxd5 30. axb5 axb5 31. Rxb5 g5 32. hxg5 fxg5 33.
Be3 Nxe3 34. fxe3 Ke6 35. Kf2 Rf5+ 36. Ke2 g4 (36... Kd5 37. g4) 37. e4 Rf3
1/2-1/2

[Event "World U20-ch22"]
[Site "Belfort"]
[Date "1983.08.14"]
[Round "3"]
[White "Condie, Mark L"]
[Black "Greenfeld, Alon"]
[Result "1/2-1/2"]
[WhiteElo "2345"]
[BlackElo "2460"]
[Annotator "Condie,M/Primel,D"]
[PlyCount "101"]
[EventDate "1983.08.12"]
[EventType "swiss"]
[EventRounds "13"]
[EventCountry "FRA"]
[SourceTitle "EXT 2016"]
[Source "ChessBase"]
[SourceDate "2015.10.08"]
[SourceVersion "1"]
[SourceVersionDate "2015.10.08"]
[SourceQuality "1"]
[TimeControl "40/9000:16/5400:0"]

1. Nf3 {the food was very bad and I picked up a bug which made me vomit and
suffer from diarrhoea throughout the tournament. Several times I had to leave
the the board during actual play. The first bout occurred before my round 3
game with Greenfeld which ended in a draw and thereafter I was troubled
throughout the tournament} Nf6 2. c4 b6 3. g3 Bb7 4. Bg2 c5 5. O-O e6 6. Nc3
Be7 7. d4 cxd4 8. Qxd4 d6 9. Rd1 (9. Bg5) 9... a6 10. b3 (10. Ng5 Bxg2 11. Kxg2
Nc6 12. Qf4 O-O 13. Nce4 $14) 10... Nbd7 11. Qe3 $6 {[%csl Re2] Une idée
bizarre jouée par l'autrichien HOELZ et l'écossais reprend ce thème auquel
il avait été confronté l'année précédente avec couleurs inversées.} (11.
e4 {La grande ligne} Qc7 (11... Qc8)) 11... Qb8 (11... Qc7 12. Nd4 Rc8 {
Hoelzl,F (2405)-Condie,M (2320) Luzern ol (Men) 1982 (9) 1/2}) 12. Nd4 Ne5 13.
Bxb7 Qxb7 14. f4 Ned7 15. Bb2 g6 16. Qf3 $1 {[%csl Rc6]} Qxf3 17. Nxf3 O-O 18.
e4 (18. Nd4 Rac8) 18... Rfd8 19. Ba3 Ne8 20. Rd3 (20. Rd2) 20... Nc5 21. Bxc5
$1 dxc5 22. Rad1 Rxd3 23. Rxd3 Rd8 24. Rxd8 Bxd8 25. e5 $14 {[%csl Rd8][%cal
Gc3e4] Les Blancs ont une meilleure finale} h5 26. h3 Kf8 27. Kf2 Ke7 28. Ng5
Bc7 29. Nge4 Ng7 30. g4 $1 $16 {[%csl Gg7]} hxg4 31. hxg4 Ne8 32. Kf3 f6 33.
exf6+ Nxf6 34. Nxf6 Kxf6 35. Ne4+ Ke7 36. a4 {[%csl Rb6]} a5 37. Nc3 {[%cal
Gf3e4]} Kf6 38. Ke4 g5 $1 39. Ne2 Bb8 40. Kf3 Bc7 41. fxg5+ Kxg5 42. Nc3 Kf6
43. Ne4+ Kg6 44. Nf2 Kf6 45. Nd3 Kg5 46. Nc1 Bd6 47. Ne2 Be5 48. Ng3 Bc7 49.
Nh5 Be5 50. Ke4 Bh2 51. Ng7 1/2-1/2

[Event "World U20-ch22"]
[Site "Belfort"]
[Date "1983.08.25"]
[Round "12"]
[White "Condie, Mark L"]
[Black "Short, Nigel D"]
[Result "0-1"]
[WhiteElo "2345"]
[BlackElo "2510"]
[Annotator "Condie,M/Primel,D"]
[PlyCount "86"]
[EventDate "1983.08.12"]
[EventType "swiss"]
[EventRounds "13"]
[EventCountry "FRA"]
[SourceTitle "EXT 2004"]
[Source "ChessBase"]
[SourceDate "2003.11.25"]
[SourceVersion "1"]
[SourceVersionDate "2003.11.25"]
[SourceQuality "1"]

{[%mdl 72]} 1. c4 Nf6 2. Nf3 b6 3. g3 c5 4. Bg2 Bb7 5. O-O g6 {la très solide
variante du double fianchetto qui avait notamment été utilisée pendant le
championnat du Monde en 1986} (5... e6 {plus courant} 6. Nc3 Be7 7. d4 cxd4 8.
Qxd4 d6 9. Rd1 (9. Bg5 $5 {Schandorff,L (2355)-Short,N (2510) Wch U20 Belfort
1983 1/2}) 9... a6 10. b3 Nbd7 11. e4 Qc8 12. Bb2 O-O 13. Rac1 Re8 {[%cal
Ge7f8,Gg7g6] en jouant immédiatement le fianchetto au lieu de e6, les noirs
espèrent gagner du temps par rapport à cette manoeuvre de recyclage de la
grande variante par Bf8 et g6 et Bg7} 14. h3 Bf8) 6. d4 (6. Nc3 Bg7 7. Re1 {
[%cal Ge2e4]} Ne4 $5 8. Nxe4 Bxe4 9. d4 cxd4 10. Bh6 $1 Bxh6 11. Qxd4 {[%cal
Gd4e4,Gd4h8] La pointe!}) 6... cxd4 7. Qxd4 (7. Nxd4 $143 Bxg2 {les noirs
égalisent assez rapidement}) 7... Bg7 (7... Nc6 8. Qf4) (7... d6) 8. Nc3 d6 (
8... O-O $143 9. Qh4 $1 {[%cal Gc1h6,Rf3g5] avec une initiative des blancs à
l'aile-roi} d6 10. Bh6 Nbd7 11. Rfd1 Rc8 12. b3 Rc5 {[%cal Gc5h5]} 13. Bxg7
Kxg7 14. Qd4 $1 Qa8 15. Rac1) 9. Rd1 (9. Be3 {l'alternative}) 9... Nbd7 10. b3
(10. Be3 $142 $5 Rc8 11. Rac1 O-O 12. Qh4 a6 13. b3 Rc7 {[%cal Gd8a8,Gf8c8]}
14. Bh6 Qa8 $1 $132 {[%cal Gf8c8,Ga8a2,Gb6b5] Un coup multi usage, il permet
de doubler les R, de faire pression sur la diagonale "h1a8" et de préparer la
poussée libératrice b5 en attaquant "a2"} (14... Qb8) 15. Bxg7 Kxg7 16. Qd4
b5 $1 {la nouveauté de KRAMNIK... en blitz face à TOPALOV} 17. cxb5 axb5 18.
Nxb5 Rxc1 19. Rxc1 Qxa2 $11) 10... O-O (10... Rc8 11. Bb2 (11. Be3)) 11. Bb2
Nd5 $5 $146 {Une nouveauté très intéressante du futur GMI (2 normes
réalisées à ce moment) pour résoudre le probléme de la "pièce superflue",
dont DVORESTSKY avait parlé dans un de ses livres. L'idée est que les deux N
luttent pour les mêmes cases et qu'ils se gênent mutuellement. En
échangeant un N,celui qui reste sera beaucoup plus actif} (11... Rc8 12. Rac1
a6) (11... Ne4 12. Qe3 Nxc3 13. Bxc3 Bxc3 14. Qxc3 Nf6 (14... Rc8 {[%cal Gb6b5,
Gc8c3]})) 12. Qd2 Nxc3 13. Bxc3 Nf6 (13... Bxc3 14. Qxc3 Nf6 (14... Rc8 {
[%cal Gb6b5]} 15. Qe3) 15. a4 a5 16. Nd4 {[%csl Rb5,Rc6]} Bxg2 17. Kxg2 Rc8 18.
Qf3 Rc5 19. Ra2 Qa8 20. Nb5 d5 21. cxd5 Nxd5 22. Rad2 Nc3 23. Nxc3 Rxc3 24. Rd3
Qxf3+ 25. Kxf3 Rfc8 26. Rxc3 Rxc3+ 27. Rd3 Rc6 28. Ke3 Kg7 29. Kd2 g5 {Bareev,
E (2714)-Gelfand,B (2709)/Monte Carlo 2004/CBM 099 ext/1/2-1/2 (43)}) 14. Qb2 {
[%cal Gc3g7]} a6 (14... Qc7) 15. a4 Qc7 16. Rdc1 Rfc8 17. Bd4 (17. a5 $5) 17...
e5 $1 {L'écossais n'a plus de N pour contrôler "d5"} 18. Bc3 Ne4 19. Be1 f5
20. a5 Re8 21. axb6 Qxb6 22. b4 Rac8 23. Qa2 {[%csl Ra6][%cal Ga2g8,Gc4c5]} (
23. c5 dxc5 24. Qa2+ Kh8 25. bxc5 Rxc5 26. Rxc5 Qxc5 27. Ng5 Nxg5 28. Bxb7 e4
29. Rb1 e3 $15) 23... Kh8 24. Rab1 Bh6 (24... d5) 25. Rc2 Qc7 26. c5 d5 27. c6
Bxc6 28. Qxa6 Qd7 29. Qa5 Bb7 30. Rxc8 Qxc8 31. e3 $6 Bg7 $17 {[%cal Gd5d4]}
32. Qa1 Qd7 33. Rd1 d4 $5 (33... g5 $142 {[%cal Gg5g4]} 34. Nd2) 34. exd4 exd4
35. Nxd4 Rd8 $36 {[%csl Rd4][%cal Gg7a1]} 36. Bxe4 $2 {[%cal Ge1c3] le clouage
était pénible et l'écossais souhaite éliminer le défenseur de la case
"c3" pour jouer Bc3 mais l'absence de défenseur des cases blanches du roque
va être exploité tactiquement.} fxe4 37. Qa3 e3 $1 $40 {[%cal Gd7d5,Gd5h1]}
38. Qxe3 Re8 $1 {Un coup intermédiaire important} (38... Qd5 39. f3) 39. Qc3
Qd5 40. f3 Rxe1+ $1 41. Qxe1 Bxd4+ 42. Rxd4 Qxd4+ 43. Kg2 Bd5 {[%cal Gh7h5]
Condie: Winning procedure: Black blockades the White b-pawn with Bishop and
Queen - playes h5 to fix kingside pawns - then manoeuvres to force exchange of
Queens - White is unable to force a perpetual check} 0-1